00552nam a2200121 a 450000100100000000500170001000800410002704000250006824501730009324600550026626000730032130000360039400002616120200930024344.0110303s1976 dr ac 000 0 spa d aDO-SdBNPbspacBNPHU00aRecverdo d la visita d los reyes d España :bJvan Carlos I y la reyna Sofía, a Santo Domingo d Gvzman, Civdad Primada d América. 31 de mayo -1ro d jvnio d 1976 /.14aLos reyes de España en la República Dominicana aSanto Domingo :bEdiciones Mundo Diplomático Internacional,c1976. a150 p. :bil., retrs. ;c27 cm.